header

Theory of code division multiple access communication (Record no. 105632)

MARC details
000 -LEADER
fixed length control field 01336nam a2200325Ia 4500
082 04 - DEWEY DECIMAL CLASSIFICATION NUMBER
Classification number 621.3845
100 1# - MAIN ENTRY--AUTHOR NAME
Personal name Zigangirov, K. Sh.
245 10 - TITLE STATEMENT
Title Theory of code division multiple access communication
260 ## - PUBLICATION, DISTRIBUTION, ETC. (IMPRINT)
Place of publication New York ;
-- [Chichester] :
Name of publisher Wiley-Interscience,
Year of publication c2004.
300 ## - PHYSICAL DESCRIPTION
Number of Pages x, 399 p. :
Other physical details ill.
490 1# - SERIES STATEMENT
Series statement IEEE Press series on digital & mobile communication
650 #0 - SUBJECT ADDED ENTRY--TOPICAL TERM
Topical Term Code division multiple access.
Topical Term Wireless communication systems.
856 40 - ELECTRONIC LOCATION AND ACCESS
Uniform Resource Identifier http://site.ebrary.com/lib/rucke/Doc?id=10114087

No items available.

© 2026 Rongo University
Contact us: librarian | system librarian | Rongo university